Pracovní spokojenost zaměstnanců

Skúmanie postojov zamestnancov voči zmene zamestnania. Zisťovanie aktuálnej spokojnosti v súčasnom zamestnaní. Motivácia k zmene zamestnania a hlavné dôvody pre výpoveď. Prieskum pracovnej spokojnosti zamestnancov.

Enregistré dans:
Détails bibliographiques
Format: Chapitre de livre
Langue:tchèque
Sujets:
Tags: Ajouter un tag
Pas de tags, Soyez le premier à ajouter un tag!

MARC

LEADER 00000naa a2200000 4500
001 0256965
005 20221104111859.1
041 0 |a cze 
044 |a CZ 
245 1 0 |a Pracovní spokojenost zaměstnanců 
520 |a Skúmanie postojov zamestnancov voči zmene zamestnania. Zisťovanie aktuálnej spokojnosti v súčasnom zamestnaní. Motivácia k zmene zamestnania a hlavné dôvody pre výpoveď. Prieskum pracovnej spokojnosti zamestnancov. 
610 2 0 |a zamestnanci 
610 2 0 |a Česko 
610 2 0 |a spokojnosť v práci 
610 2 0 |a prieskum 
610 2 0 |a motivácia pracovná 
610 2 0 |a zmeny pomeru pracovného 
610 2 0 |a výpoveď 
610 2 0 |a komunikácia firemná